Instructional strategies applied to Grade III pupils (Record no. 11133)
[ view plain ]
| 000 -LEADER | |
|---|---|
| fixed length control field | 01047nam a22002177i 4500 |
| 003 - CONTROL NUMBER IDENTIFIER | |
| control field | URS |
| 005 - DATE AND TIME OF LATEST TRANSACTION | |
| control field | 20220117094447.0 |
| 050 00 - LIBRARY OF CONGRESS CALL NUMBER | |
| Classification number | LG 996 |
| Item number | P11 2015 |
| 100 1# - MAIN ENTRY--PERSONAL NAME | |
| Personal name | Pabello, Artemio Abeuva |
| 245 10 - TITLE STATEMENT | |
| Title | Instructional strategies applied to Grade III pupils |
| Statement of responsibility, etc. | Pabello, Artemio Abueva |
| Remainder of title | : Their effect to mathematics performance/ |
| 260 #1 - PUBLICATION, DISTRIBUTION, ETC. | |
| Date of publication, distribution, etc. | 2015 |
| 300 ## - PHYSICAL DESCRIPTION | |
| Extent | xi, 100 leaves: |
| Other physical details | illustrations, |
| Dimensions | 28 cm. |
| 336 ## - CONTENT TYPE | |
| Source | rdacontent |
| Content type term | text |
| 337 ## - MEDIA TYPE | |
| Source | rdamedia |
| Media type term | unmediated |
| 338 ## - CARRIER TYPE | |
| Source | rdacarrier |
| Carrier type term | volume |
| 502 ## - DISSERTATION NOTE | |
| Dissertation note | Graduate Study Thesis |
| Degree type | Master of Arts in Education major in Educational Management |
| Name of granting institution | University of Rizal System, Rodriguez |
| Year degree granted | 2015 |
| 520 ## - SUMMARY, ETC. | |
| Summary, etc. | This study aimed to determine the effect of instructional strategies on the mathematics performance o grade III Pupils. This was conducted in kasiglahan Village Elementary School Unit-1, District of Rodriguez II, Rodriguez, Rizal, during thes School year 2014-2015 |
| 650 ## - SUBJECT ADDED ENTRY--TOPICAL TERM | |
| Source of heading or term | Mathematics performance and retention. |
| 650 ## - SUBJECT ADDED ENTRY--TOPICAL TERM | |
| Source of heading or term | Mathematics -- Study and Teaching |
| 942 ## - ADDED ENTRY ELEMENTS (KOHA) | |
| Source of classification or shelving scheme | Library of Congress Classification |
| Koha item type | Theses and dissertations |
| Withdrawn status | Source of classification or shelving scheme | Damaged status | Not for loan | Home library | Current library | Shelving location | Date acquired | Total Checkouts | Full call number | Barcode | Date last seen | Copy number | Price effective from | Koha item type |
|---|---|---|---|---|---|---|---|---|---|---|---|---|---|---|
| Library of Congress Classification | Rodriguez College Library | Rodriguez Graduate Library | Reference | 02/17/2020 | LG 996 P11 2015 | URSROD-GST-0010 | 02/17/2020 | C1 | 02/17/2020 | Theses and dissertations | ||||
| Library of Congress Classification | Rodriguez College Library | Rodriguez Graduate Library | Reference | 02/17/2020 | LG 996 P11 2015 | URSROD-GST-0017 | 02/17/2020 | C2 | 02/17/2020 | Theses and dissertations |